| 000 | 00755cam a22002653a 4500 | ||
|---|---|---|---|
| 001 | 5096 | ||
| 003 | PGUSA | ||
| 005 | 20140828083113.0 | ||
| 008 | 040201s2004||||xxu|||||s|||||000 1 eng d | ||
| 040 |
_aPGUSA _beng |
||
| 042 | _adc | ||
| 050 | 4 | _aPQ | |
| 100 | 1 |
_aVerne, Jules, _d1828-1905 |
|
| 245 | 1 | 0 |
_a20000 Lieues Sous Les Mers — Part 2 _h[electronic resource] / _cJules Verne |
| 260 |
_bProject Gutenberg, _c2004 |
||
| 506 | _aPublic domain in the USA. | ||
| 516 | _aElectronic text | ||
| 653 | _aSea stories | ||
| 653 | _aScience fiction | ||
| 653 | _aUnderwater exploration -- Fiction | ||
| 653 | _aSubmarines (Ships) -- Fiction | ||
| 830 | 0 |
_aProject Gutenberg _v5096 |
|
| 856 | 4 | 0 | _uhttp://www.gutenberg.org/ebooks/5096 |
| 942 | _cEB | ||
| 999 |
_c234425 _d234425 |
||